[Event "Pardubice op-A"]
[Site "Pardubice"]
[Date "2006.07.26"]
[Round "6"]
[White "Krumpacnik, Domen"]
[Black "Krzesaj, Robert"]
[Result "1-0"]
[WhiteElo "2385"]
[BlackElo "2275"]
[PlyCount "61"]
[EventDate "2006.07.21"]
[EventType "swiss"]
[EventRounds "9"]
[EventCountry "CZE"]
[Source "ChessBase"]
[SourceDate "2006.09.14"]

1. d4 d5 2. c4 e6 3. Nc3 c5 4. cxd5 cxd4 5. Qa4+ Bd7 6. Qxd4 exd5 7. Qxd5 Nc6
8. Nf3 Nf6 9. Qd1 Bc5 10. e3 Qe7 11. Be2 O-O-O 12. Bd2 Bf5 13. a3 Kb8 14. Qa4
Ka8 15. b4 Bb6 16. O-O Ng4 17. Rad1 Nce5 18. Nd4 Bd3 19. h3 Bxd4 20. exd4 Bxe2
21. Nxe2 Nd3 22. Bg5 Qxe2 23. Bxd8 Ngxf2 24. Qd7 a6 25. Rc1 Ne4 26. Rc8+ Ka7
27. Qc7 Rxd8 28. Rxd8 Ne1 29. Rxe1 Qxe1+ 30. Kh2 Nd2 31. Qc5+ 1-0

[Event "Balaguer op 11th"]
[Site "Balaguer"]
[Date "2006.07.20"]
[Round "4"]
[White "Garcia Vicente, Nieves"]
[Black "Sundararajan, Kidambi"]
[Result "0-1"]
[WhiteElo "2185"]
[BlackElo "2472"]
[PlyCount "50"]
[EventDate "2006.07.17"]
[EventType "swiss"]
[EventRounds "10"]
[EventCountry "ESP"]
[Source "ChessBase"]
[SourceDate "2006.09.14"]

1. d4 d5 2. c4 e6 3. Nc3 c5 4. cxd5 cxd4 5. Qa4+ Bd7 6. Qxd4 exd5 7. Bf4 Nc6 8.
Qxd5 Nf6 9. Qd2 Bb4 10. a3 Bxc3 11. Qxc3 O-O 12. Rd1 Qb6 13. Nf3 Rac8 14. Be3
Qb5 15. Nd4 Nxd4 16. Qxd4 Rc2 17. Qxa7 Rxb2 18. Bc1 Rb1 19. e3 Qc6 20. Bd2
Rxd1+ 21. Kxd1 Ne4 22. Be1 Bg4+ 23. f3 Rd8+ 24. Bd3 Rxd3+ 25. Ke2 Qc4 0-1

[Event "Ourense op 15th"]
[Site "Ourense"]
[Date "2006.??.??"]
[Round "6"]
[White "Petkov, Vladimir"]
[Black "Guerrero Olmos, Sergio"]
[Result "1-0"]
[WhiteElo "2480"]
[BlackElo "2334"]
[PlyCount "45"]
[EventDate "2006.07.04"]
[EventType "swiss"]
[EventRounds "9"]
[EventCountry "ESP"]
[Source "ChessBase"]
[SourceDate "2006.09.14"]

1. d4 d5 2. c4 e6 3. Nc3 c5 4. cxd5 cxd4 5. Qa4+ Bd7 6. Qxd4 exd5 7. Qxd5 Nc6
8. Qd1 Nf6 9. Nf3 Bc5 10. a3 Qe7 11. b4 Bb6 12. Bf4 O-O-O 13. e3 Bg4 14. Qc1
Nh5 15. Bg3 f5 16. Bh4 Nf6 17. b5 Qc5 18. bxc6 Ba5 19. cxb7+ Kb8 20. Bg3+ Kxb7
21. Rb1+ Ka8 22. Ba6 Qxc3+ 23. Qxc3 1-0

[Event "DDS League and op 12th"]
[Site "Tuzla"]
[Date "2006.09.15"]
[Round "1"]
[White "Hadzic, Huso"]
[Black "Trumic, Enes"]
[Result "0-1"]
[WhiteElo "2241"]
[BlackElo "2295"]
[PlyCount "60"]
[EventDate "2006.09.15"]
[EventType "team"]
[EventRounds "9"]
[EventCountry "BIH"]
[Source "ChessBase"]
[SourceDate "2006.11.01"]

1. c4 e6 2. Nc3 d5 3. d4 c5 4. cxd5 cxd4 5. Qxd4 Nc6 6. Qd2 exd5 7. Qxd5 Bd7 8.
Bg5 Nf6 9. Qd2 Bc5 10. e3 h6 11. Bh4 g5 12. Bg3 Bb4 13. a3 Ne4 14. Qc2 Bxc3+
15. bxc3 Bf5 16. Qb2 Qa5 17. Rc1 O-O 18. Nf3 g4 19. Nd4 Nxd4 20. exd4 Rfe8 21.
Kd1 Qa4+ 22. Rc2 Nxg3 23. hxg3 Bxc2+ 24. Qxc2 Re1+ 25. Kd2 Qxc2+ 26. Kxc2 Kg7
27. f3 Rd8 28. Kd2 Ra1 29. fxg4 Rd6 30. g5 hxg5 0-1

[Event "Budapest FS09 GM"]
[Site "Budapest"]
[Date "2006.09.11"]
[Round "10"]
[White "Boros, Denes"]
[Black "Fodor, Tamas Jr"]
[Result "1-0"]
[WhiteElo "2462"]
[BlackElo "2429"]
[PlyCount "65"]
[EventDate "2006.09.02"]
[EventType "tourn"]
[EventRounds "13"]
[EventCountry "HUN"]
[EventCategory "8"]
[Source "ChessBase"]
[SourceDate "2006.11.01"]

1. d4 d5 2. c4 e6 3. Nc3 c5 4. cxd5 cxd4 5. Qa4+ Bd7 6. Qxd4 exd5 7. Qxd5 Nc6
8. e3 Nf6 9. Qd1 Qa5 10. Bd2 O-O-O 11. Nf3 Bg4 12. Be2 Bb4 13. Qc2 Bf5 14. Qb3
Be6 15. Bc4 Bg4 16. O-O-O Bxf3 17. gxf3 Ne5 18. a3 Qc5 19. Be2 Ba5 20. Kb1 Kb8
21. Na4 Qc7 22. Rc1 Rxd2 23. Rxc7 Bxc7 24. Ba6 b6 25. f4 Nf3 26. Qc3 Rd6 27.
Rc1 Ne8 28. Bb5 Nd2+ 29. Ka2 Ne4 30. Qc4 N4f6 31. e4 Nd7 32. e5 Rd2 33. Ba6 1-0

[Event "Parsvnath ch-Commonwealth"]
[Site "New Delhi IND"]
[Date "2007.12.10"]
[Round "10"]
[White "Sachdev, T."]
[Black "Sundararajan, K."]
[Result "1/2-1/2"]
[WhiteElo "2413"]
[BlackElo "2442"]
[PlyCount "76"]
[EventDate "2007.12.03"]
[SourceDate "1999.07.01"]

1. d4 d5 2. c4 e6 3. Nc3 c5 4. cxd5 cxd4 5. Qxd4 Nc6 6. Qd1 exd5 7. e3 Nf6 8.
Nf3 Bd6 9. Be2 O-O 10. O-O a6 11. b3 Re8 12. Bb2 Bc7 13. Qd3 Qd6 14. Rfd1 d4
15. Nb1 Bg4 16. Nbd2 dxe3 17. fxe3 Qxd3 18. Bxd3 Nd5 19. h3 Bh5 20. e4 Nf4 21.
Bf1 Rad8 22. Bc3 b5 23. b4 Nd3 24. a4 Bg3 25. axb5 axb5 26. Nb3 Ncxb4 27. Bxb4
Nxb4 28. Bxb5 Rf8 29. Rxd8 Rxd8 30. Nbd4 Bg6 31. Nc6 Nxc6 32. Bxc6 Kf8 33. Ra8
Rxa8 34. Bxa8 Ke7 35. Nd4 Kf6 36. Nf5 Bxf5 37. exf5 Kxf5 38. Kf1 Kf4 1/2-1/2

[Event "7th Rohde Open"]
[Site "Sautron FRA"]
[Date "2007.10.31"]
[Round "6"]
[White "Potkin, V."]
[Black "Kozakov, M."]
[Result "1-0"]
[WhiteElo "2612"]
[BlackElo "2449"]
[PlyCount "163"]
[EventDate "2007.10.27"]
[SourceDate "1999.07.01"]

1. d4 d5 2. c4 e6 3. Nc3 c5 4. cxd5 cxd4 5. Qa4+ Bd7 6. Qxd4 exd5 7. Qxd5 Nc6
8. Nf3 Nf6 9. Qd1 Bc5 10. e3 Qe7 11. Be2 O-O-O 12. O-O g5 13. b4 g4 14. Nd4
Nxd4 15. exd4 Bxb4 16. Bg5 Bxc3 17. Qc1 Rhg8 18. Qxc3+ Kb8 19. Qe3 Qxe3 20.
fxe3 Rxg5 21. Rxf6 Be6 22. a3 h5 23. Rd1 Ra5 24. e4 Bb3 25. Rd2 Rxa3 26. d5
Ra1+ 27. Kf2 a5 28. Rxf7 a4 29. Rb2 Re8 30. Bc4 Bxc4 31. Rbxb7+ Ka8 32. Ra7+
Kb8 33. Rfb7+ Kc8 34. d6 Be6 35. Kg3 a3 36. d7+ Bxd7 37. Rxd7 Rxe4 38. Rh7 Kb8
39. Rag7 Rc4 40. Rxh5 Rc3+ 41. Kh4 Rh1 42. Rh8+ Rc8 43. Rxc8+ Kxc8 44. Ra7
Rxh2+ 45. Kg3 Rh6 46. Rxa3 Kd7 47. Re3 Rg6 48. Kf4 Rg8 49. g3 Kd6 50. Kf5 Kd7
51. Re4 Kd6 52. Re6+ Kd7 53. Re3 Kd6 54. Re4 Kd7 55. Kf6 Kd6 56. Rd4+ Kc5 57.
Rd1 Kc6 58. Kf5 Kc5 59. Rd7 Kc4 60. Rd6 Kc5 61. Rg6 Rf8+ 62. Kxg4 Kd5 63. Kg5
Ke5 64. g4 Ra8 65. Rg7 Re8 66. Rg6 Ra8 67. Rb6 Rg8+ 68. Kh5 Rh8+ 69. Rh6 Rf8
70. g5 Kf5 71. Rh7 Ke6 72. Kh6 Kf5 73. Kh5 Ke6 74. Kg6 Rg8+ 75. Rg7 Ra8 76. Rb7
Ra6 77. Kh7 Ra5 78. g6 Rh5+ 79. Kg8 Rh1 80. g7 Rf1 81. Rb6+ Ke7 82. Kh7 1-0

[Event "FSGM February"]
[Site "Budapest HUN"]
[Date "2007.02.13"]
[Round "11"]
[White "Prohaszka, P2."]
[Black "Somborski, N."]
[Result "1-0"]
[WhiteElo "2430"]
[BlackElo "2362"]
[PlyCount "117"]
[EventDate "2007.02.03"]
[SourceDate "1999.07.01"]

1. d4 d5 2. c4 e6 3. Nc3 c5 4. cxd5 cxd4 5. Qa4+ Bd7 6. Qxd4 exd5 7. Qxd5 Nc6
8. Nf3 Nf6 9. Qd1 Bc5 10. e3 Qe7 11. Be2 O-O 12. O-O Rfd8 13. a3 Bf5 14. Qa4 a6
15. Qh4 Ne5 16. Qg5 Nxf3+ 17. Bxf3 Bd3 18. Re1 h6 19. Qh4 Rd6 20. b4 Bd4 21.
Bb2 Be5 22. Na4 g5 23. Qh3 g4 24. Bxg4 Nxg4 25. Qxg4+ Rg6 26. Qh3 Kh7 27. Bxe5
Qxe5 28. f4 Qf6 29. Nc5 Bf5 30. Qf3 Rag8 31. g3 Qh4 32. Ne4 Qh3 33. Ra2 Bd7 34.
Rg2 Bc6 35. f5 Rd6 36. Qf4 Rgd8 37. Rge2 Rd1 38. g4 Rxe1+ 39. Rxe1 Re8 40. Nf6+
Kh8 41. Qg3 Qxg3+ 42. hxg3 Rd8 43. e4 Rd3 44. e5 Kg7 45. Nh5+ Kf8 46. Kf2 Ke7
47. Re3 Rd2+ 48. Re2 Rd3 49. f6+ Kd7 50. Re3 Rd2+ 51. Ke1 Ra2 52. Nf4 Ra1+ 53.
Kd2 Ra2+ 54. Ke1 Bb5 55. e6+ fxe6 56. Rxe6 Rc2 57. f7 Rc8 58. Rf6 Ke7 59. Rf5
1-0

[Event "Masters"]
[Site "Singapore SIN"]
[Date "2006.12.26"]
[Round "1"]
[White "Gokhale, C."]
[Black "Nadanian, A."]
[Result "0-1"]
[WhiteElo "2375"]
[BlackElo "2436"]
[PlyCount "50"]
[EventDate "2006.12.26"]
[SourceDate "1999.07.01"]

1. d4 d5 2. c4 e6 3. Nc3 c5 4. cxd5 cxd4 5. Qa4+ Bd7 6. Qxd4 exd5 7. Qxd5 Nc6
8. Nf3 Nf6 9. Qd1 Bc5 10. e3 Qe7 11. Be2 O-O-O 12. O-O g5 13. a3 g4 14. Nd4 h5
15. b4 Bd6 16. b5 Qe5 17. g3 Ne7 18. Bd2 h4 19. f4 Qh5 20. Be1 Kb8 21. Qb3 Bc5
22. gxh4 Bxd4 23. exd4 Nf5 24. Bg3 Rde8 25. Nd5 Nxg3 0-1

[Event "8th YM"]
[Site "Winterthur SUI"]
[Date "2008.10.05"]
[Round "3"]
[White "Rosenthal, Jon"]
[Black "Rombaldoni, Ax"]
[Result "1-0"]
[WhiteElo "2202"]
[BlackElo "2334"]
[PlyCount "65"]
[EventDate "2008.10.03"]
[SourceDate "1999.07.01"]

1. d4 d5 2. c4 e6 3. Nc3 c5 4. cxd5 cxd4 5. Qa4+ Bd7 6. Qxd4 exd5 7. Qxd5 Nc6
8. Nf3 Nf6 9. Qd1 Bc5 10. e3 Qe7 11. Be2 O-O 12. O-O Rfd8 13. Nd4 Rac8 14. Re1
Ne5 15. Bd2 Bd6 16. h3 Nc4 17. Bxc4 Rxc4 18. Qb3 Rdc8 19. Rad1 Ne4 20. Qxb7 Nc5
21. Qd5 Nd3 22. Ndb5 Nxe1 23. Nxd6 Be6 24. Nxc8 Rxc8 25. Qe4 Rc4 26. Nd5 Qc5
27. Bb4 Rxe4 28. Bxc5 Bxd5 29. Rxd5 h6 30. Kf1 Nc2 31. Rd3 Ra4 32. Rc3 Na1 33.
Ba3 1-0

[Event "Belgrade Premier League"]
[Site "Belgrade SRB"]
[Date "2008.10.08"]
[Round "4"]
[White "Ivanovic, N."]
[Black "Jovicic, Milo"]
[Result "1-0"]
[WhiteElo "2212"]
[BlackElo "2346"]
[PlyCount "35"]
[EventDate "2008.10.05"]
[SourceDate "1999.07.01"]

1. d4 d5 2. c4 e6 3. Nc3 c5 4. cxd5 cxd4 5. Qxd4 Nc6 6. Qd1 exd5 7. Qxd5 Bd7 8.
Nf3 Nf6 9. Qd1 Bc5 10. e3 Qe7 11. Be2 O-O-O 12. O-O g5 13. Nd4 Qe5 14. Ncb5 g4
15. b4 Nxb4 16. Bb2 a6 17. Qc1 Ne4 18. Na7+ 1-0

[Event "ch-Commonwealth"]
[Site "Nagpur IND"]
[Date "2008.10.03"]
[Round "7"]
[White "Annurudha, G."]
[Black "Wohl, A."]
[Result "0-1"]
[WhiteElo "2218"]
[BlackElo "2384"]
[PlyCount "66"]
[EventDate "2008.09.28"]
[SourceDate "1999.07.01"]

1. d4 d5 2. c4 e6 3. Nc3 c5 4. cxd5 cxd4 5. Qxd4 Nc6 6. Qd1 exd5 7. e3 Nf6 8.
Nf3 Bb4 9. Be2 O-O 10. O-O Re8 11. Nb5 Ne4 12. Qc2 Bg4 13. a3 Ba5 14. Nbd4 Rc8
15. Qd3 Qf6 16. Nxc6 bxc6 17. Ra2 Bc7 18. Nd4 Qd6 19. f4 Bxe2 20. Qxe2 Bb6 21.
Qg4 Bxd4 22. exd4 c5 23. Be3 c4 24. f5 Nf6 25. Qh3 Re4 26. Raa1 Rce8 27. Rae1
Qb6 28. Qg3 Qxb2 29. h3 Qxa3 30. Rf3 h5 31. Bh6 Rxe1+ 32. Kh2 Ng4+ 33. hxg4 Qa1
0-1

[Event "ch-Commonwealth"]
[Site "Nagpur IND"]
[Date "2008.10.04"]
[Round "9"]
[White "Saurabh, K."]
[Black "Wohl, A."]
[Result "0-1"]
[WhiteElo "2213"]
[BlackElo "2384"]
[PlyCount "104"]
[EventDate "2008.09.28"]
[SourceDate "1999.07.01"]

1. d4 d5 2. c4 e6 3. Nc3 c5 4. cxd5 cxd4 5. Qxd4 Nc6 6. Qd1 exd5 7. Qxd5 Bd7 8.
Nf3 Nf6 9. Qd1 Bc5 10. e3 Qe7 11. a3 O-O-O 12. Qc2 Kb8 13. Be2 g5 14. b4 g4 15.
Nd2 Bb6 16. Bb2 Rc8 17. Nc4 Nd4 18. Qd1 Nxe2 19. Qxe2 Be6 20. Nxb6 axb6 21. O-O
Bc4 22. Qd1 Bxf1 23. Qxf1 Rhd8 24. Qb5 Rd2 25. Na4 Nd5 26. Bd4 Qc7 27. h3 g3
28. Rf1 gxf2+ 29. Rxf2 Rd1+ 30. Rf1 Rxf1+ 31. Qxf1 Qc1 32. e4 Ne3 33. Qxc1
Rxc1+ 34. Kf2 Nc4 35. Nxb6 Nxb6 36. Bxb6 Rc3 37. a4 Rc4 38. Bc5 Rxe4 39. Kf3
Rc4 40. g3 Kc7 41. Ke3 Kc6 42. Bf8 Kd5 43. h4 h5 44. a5 Ke5 45. Kf3 Rc3+ 46.
Kg2 Rb3 47. Kf2 Ke4 48. Kg2 Rb2+ 49. Kh3 Kf3 50. Bd6 Kf2 51. Bc5+ Kf1 52. Bd6
f5 0-1

[Event "Petrovskaya Ladya Open"]
[Site "Peterhof RUS"]
[Date "2008.08.09"]
[Round "8"]
[White "Utkin, Alex"]
[Black "Vlassow, V."]
[Result "0-1"]
[WhiteElo "2187"]
[BlackElo "2379"]
[PlyCount "100"]
[EventDate "2008.08.02"]
[SourceDate "1999.07.01"]

1. d4 d5 2. c4 e6 3. Nc3 c5 4. cxd5 cxd4 5. Qa4+ Bd7 6. Qxd4 exd5 7. Qxd5 Nc6
8. Nf3 Nf6 9. Qd1 Bc5 10. e3 Qe7 11. Be2 O-O 12. O-O Rfd8 13. a3 Rac8 14. Qc2
Bd6 15. h3 b5 16. e4 a5 17. Bxb5 Ne5 18. Nd4 Bxb5 19. Ndxb5 Bb8 20. Bg5 Nd3 21.
Qe2 Rc5 22. Bxf6 Qxf6 23. Rad1 Nf4 24. Rxd8+ Qxd8 25. Qg4 h5 26. Rd1 Qf6 27.
Qf3 h4 28. Nd5 Nxd5 29. Qxf6 Nxf6 30. Rd8+ Kh7 31. Rxb8 Rc1+ 32. Kh2 Nxe4 33.
Nd4 Nxf2 34. g3 Rd1 35. Nf3 Rd3 36. Nxh4 Nd1 37. g4 Rd2+ 38. Kg3 Rxb2 39. Rd8
Rb3+ 40. Nf3 Nc3 41. h4 Rxa3 42. h5 f6 43. Nh4 Ne4+ 44. Kf4 Ng5 45. Ra8 Rh3 46.
Rxa5 Rxh4 47. Kf5 Rh3 48. Ra4 Rf3+ 49. Rf4 Rxf4+ 50. Kxf4 Kh6 0-1

[Event "34th Open"]
[Site "Sitges ESP"]
[Date "2008.07.30"]
[Round "9"]
[White "Grigore, Ge"]
[Black "Konguvel, P."]
[Result "0-1"]
[WhiteElo "2517"]
[BlackElo "2415"]
[PlyCount "114"]
[EventDate "2008.07.22"]
[SourceDate "1999.07.01"]

1. d4 d5 2. c4 e6 3. Nc3 c5 4. cxd5 cxd4 5. Qa4+ Bd7 6. Qxd4 exd5 7. Qxd5 Nc6
8. Nf3 Nf6 9. Qb3 Bc5 10. Bg5 Be6 11. Qb5 Qe7 12. e3 a6 13. Qa4 h6 14. Bxf6
Qxf6 15. Bd3 Bb4 16. O-O O-O 17. Qc2 Rac8 18. Ne4 Qe7 19. Qe2 Rfd8 20. Ng3 Bg4
21. Rfd1 g6 22. h3 Be6 23. a3 Bd6 24. Ne4 Bb8 25. Rac1 Bd5 26. Nc3 Bxf3 27.
Qxf3 Ne5 28. Qe2 Qd6 29. Ne4 Nf3+ 30. Qxf3 Qh2+ 31. Kf1 Rxc1 32. Rxc1 Qh1+ 33.
Ke2 Qxc1 34. Qf6 Re8 35. Qb6 Be5 36. b3 Kg7 37. Qxb7 Rd8 38. Qxa6 Qb2+ 39. Kf3
Qxb3 40. Bc4 Qd1+ 41. Be2 Qd7 42. g4 f5 43. Ng3 Qd5+ 44. e4 fxe4+ 45. Kg2 Rf8
46. Bc4 Qd4 47. Nh1 e3 48. fxe3 Qe4+ 49. Kg1 Qxe3+ 50. Kg2 Qf3+ 51. Kg1 Qxh3
52. Qa7+ Kh8 53. Nf2 Qh2+ 54. Kf1 Qh1+ 55. Ke2 Qf3+ 56. Kf1 Qxg4 57. Bf7 Qf5
0-1

[Event "22th Open"]
[Site "Pula CRO"]
[Date "2008.06.25"]
[Round "6"]
[White "Harakis, A."]
[Black "Somborski, N."]
[Result "0-1"]
[WhiteElo "2220"]
[BlackElo "2351"]
[PlyCount "46"]
[EventDate "2008.06.21"]
[SourceDate "1999.07.01"]

1. d4 d5 2. c4 e6 3. Nc3 c5 4. cxd5 cxd4 5. Qa4+ Bd7 6. Qxd4 exd5 7. Qxd5 Nc6
8. Nf3 Nf6 9. Qd1 Bc5 10. e3 O-O 11. Be2 Qe7 12. O-O Rfd8 13. a3 Bg4 14. Qa4 a6
15. Rd1 Rxd1+ 16. Qxd1 Rd8 17. Qf1 Ne5 18. Ne1 Qc7 19. h3 Bf5 20. f4 Ng6 21.
Bd3 Bxd3 22. Nxd3 Ba7 23. Kh2 Qc4 0-1

[Event "43rd Capablanca Memorial Open"]
[Site "Havana CUB"]
[Date "2008.05.16"]
[Round "9"]
[White "Ordaz Valdes, L."]
[Black "Marrero Lopez, Yan"]
[Result "1-0"]
[WhiteElo "2300"]
[BlackElo "2232"]
[PlyCount "85"]
[EventDate "2008.05.08"]
[SourceDate "1999.07.01"]

1. d4 d5 2. c4 e6 3. Nc3 c5 4. cxd5 cxd4 5. Qa4+ Bd7 6. Qxd4 exd5 7. Nf3 Nf6 8.
Bg5 Nc6 9. Qd1 Be6 10. e3 h6 11. Bh4 Be7 12. Bd3 O-O 13. O-O a6 14. a3 Bg4 15.
h3 Bxf3 16. Qxf3 Ne5 17. Qd1 Nxd3 18. Qxd3 Qb6 19. b4 Qc6 20. Bxf6 Bxf6 21.
Nxd5 Rac8 22. Rad1 Qc2 23. Nxf6+ gxf6 24. Rd2 Qxd3 25. Rxd3 Rc4 26. Rfd1 Kg7
27. Kh2 Rfc8 28. Rd7 R8c7 29. R1d3 a5 30. bxa5 R7c5 31. Rxb7 Rxa5 32. Rdd7 Rc2
33. Rxf7+ Kg6 34. g4 f5 35. Rg7+ Kf6 36. Rbf7+ Ke6 37. gxf5+ Ke5 38. Kg2 Rxa3
39. Rg3 Ra1 40. Rf3 Rc4 41. Re7+ Kf6 42. Re6+ Kg5 43. Rf4 1-0

[Event "XVI Lasker Mem Open A"]
[Site "Barlinek POL"]
[Date "2008.06.03"]
[Round "4"]
[White "Bronowicki, M."]
[Black "Koziak, V."]
[Result "1/2-1/2"]
[WhiteElo "2307"]
[BlackElo "2484"]
[PlyCount "88"]
[EventDate "2008.05.31"]
[SourceDate "1999.07.01"]

1. d4 d5 2. c4 e6 3. Nc3 c5 4. cxd5 cxd4 5. Qa4+ Bd7 6. Qxd4 exd5 7. Qxd5 Nc6
8. Qd1 Bc5 9. e3 Nf6 10. Nf3 Qe7 11. a3 O-O 12. Be2 Rfd8 13. Qc2 Rac8 14. O-O
Ne5 15. Nxe5 Qxe5 16. f4 Bxe3+ 17. Kh1 Qc5 18. Bxe3 Qxe3 19. Bf3 Bc6 20. Bxc6
Rxc6 21. Rae1 Rd2 22. Qc1 Qd3 23. Rd1 Rd6 24. Rxd2 Qxd2 25. Qxd2 Rxd2 26. Rd1
Rxd1+ 27. Nxd1 Kf8 28. Ne3 g6 29. Kg1 Ke7 30. Kf2 Kd6 31. Ke2 Nd5 32. Nxd5 Kxd5
33. Kd3 h5 34. g3 f6 35. a4 Kc5 36. Kc3 g5 37. fxg5 fxg5 38. b3 b6 39. b4+ Kd5
40. Kd3 a6 41. h3 Ke5 42. Ke3 a5 43. b5 Kd5 44. Kd3 Ke5 1/2-1/2